000 00506nam a2200169Ia 4500
003 LDD
008 190117s9999 xx 000 0 und d
020 _a9788180313905
_c₹300
040 _cLDD
041 _ahi
100 _aमधुरेश
245 0 _aहिन्दी उपन्यास का विकास
_cमधुरेश
260 _bLokbharti
_c2014
901 _aRAJ
904 _aReqst by : Satyakam
942 _2ddc
_cH
999 _c165851
_d165851